000 00561nam a2200229 a 4500
999 _c790
_d790
001 790
003 BD-JhCC
005 20171016200118.0
008 171010s2006 uka|||| || | 000 0 eng d
020 _a0863551750
035 _a(BD-JhCC)790
040 _aBD-JhCC
_dBD-JhCC
041 _aeng
082 _a428.24076
_bWIT 2006
100 _aWitt, Ray de
245 _aHow to prepare for IELTS /
_cRay de Witt
260 _aUK :
_bThe British Council,
_c2006.
300 _a120 p.;
_c26cm.
650 _aEnglish Language
942 _2ddc
_cBK